[Event "2015  Server Team - Div 3, S53999"]
[Site "CCLA"]
[Date "2015.10.30"]
[Round "?"]
[White "Capuzzi, Gabriele"]
[Black "Tymms, J. D. M."]
[Result "0-1"]
[WhiteElo "1615"]
[BlackElo "1807"]
[Board "2"]
[WhiteTeam "Knights of the Square Table"]
[BlackTeam "BCCA Bishops"]

1. d4 Nf6 2. Bg5 Ne4 3. Bf4 g5 4. Be5 Rg8 5. Qd3 d6 6. Qxe4 dxe5 7. dxe5 
Nc6 8. e3 Qd7 9. Bb5 Rg6 10. Nf3 Bg7 11. Nc3 Qg4 12. Bxc6+ bxc6 13. Qxc6+ 
Rxc6 0-1

[Event "2015 NA Class C-Rd1 Sect 1, S50091"]
[Site "CCLA"]
[Date "2015.04.27"]
[Round "?"]
[White "Nurmi, Ronald"]
[Black "Sanchez, David A."]
[Result "1-0"]
[WhiteElo "1458"]
[BlackElo "1449"]

1. d4 Nf6 2. Bg5 Ne4 3. Bf4 d5 4. e3 c5 5. Bd3 Nf6 6. c3 Qb6 7. Qc2 Nc6 8.
 Nf3 g6 9. h3 Bg7 10. Nbd2 O-O 11. b3 Nd7 12. O-O e5 13. Nxe5 Ndxe5 14. 
dxe5 Nxe5 15. Be2 Be6 16. e4 Rad8 17. exd5 Rxd5 18. Rad1 Qc6 19. c4 Bf5 
20. Qc1 Rd7 21. Nf3 Re8 22. Nxe5 Bxe5 23. Bxe5 Rxe5 24. Bf3 Qf6 25. Rxd7 
Bxd7 26. Bxb7 Rg5 27. f4 Rg3 28. Rf3 Rxf3 29. Bxf3 Qd4+ 30. Kh2 Qf2 31. 
Qd1 Be6 32. Qd8+ Kg7 33. Qa5 Qd4 34. Kg3 1-0

[Event "Summer Series, S50331"]
[Site "CCLA"]
[Date "2015.07.25"]
[Round "?"]
[White "Nurmi, Ronald"]
[Black "Anderson, Lawrence D."]
[Result "1-0"]
[WhiteElo "1469"]
[BlackElo "1435"]

1. d4 Nf6 2. Bg5 Ne4 3. Bf4 c5 4. f3 Qa5+ 5. c3 Nf6 6. d5 Qb6 7. Bc1 d6 8.
 e4 g6 9. c4 Bg7 10. Nc3 O-O 11. Nge2 e6 12. Ng3 exd5 13. cxd5 Nbd7 14. 
Be2 Ne5 15. Qc2 Bd7 16. Be3 1-0

[Event "Summer Series, S50291"]
[Site "CCLA"]
[Date "2015.07.25"]
[Round "?"]
[White "Smail, John"]
[Black "Abbey, William"]
[Result "0-1"]
[WhiteElo "1720"]
[BlackElo "1957"]

1. d4 Nf6 2. Bg5 Ne4 3. Bf4 c5 4. f3 Qa5+ 5. c3 Nf6 6. Nd2 cxd4 7. Nb3 Qb6
8. cxd4 Nc6 9. e4 e6 10. Ne2 Be7 11. Nc3 O-O 12. e5 Nd5 13. Nxd5 exd5 14. 
Be2 d6 15. exd6 Bf6 16. Be3 Re8 17. Qd2 Bf5 18. Kf2 Nb4 19. Rhc1 Qxd6 20. 
Bf4 Rxe2+ 21. Kxe2 Qa6+ 22. Kf2 Nd3+ 23. Kg1 Nxc1 24. Rxc1 Qxa2 25. Qc3 h6
26. Ra1 Bxd4+ 27. Qxd4 Qxb3 28. Ra3 Qb5 29. Bd2 b6 30. Bc3 f6 31. Qf4 Qd7 
32. g4 Bg6 33. h4 h5 34. Ra4 Re8 35. g5 Re2 36. Kf1 Bd3 0-1

[Event "Winter Series, S50081"]
[Site "CCLA"]
[Date "2015.01.28"]
[Round "?"]
[White "Benson, Katie J."]
[Black "Martindale, Roger"]
[Result "0-1"]
[WhiteElo "1199"]
[BlackElo "1174"]

1. d4 Nf6 2. Nf3 h6 3. e3 a6 4. Bc4 b5 5. Bb3 d5 6. O-O e6 7. h3 Bd6 8. a3
Nc6 9. Bd2 Ne4 10. Be1 O-O 11. Ne5 Ne7 12. f3 Nf6 13. Bb4 a5 14. Bxd6 Qxd6
15. Nc3 Nf5 16. Qe1 Ba6 17. Rf2 a4 18. Ba2 Nd7 19. Nxd7 Qxd7 20. e4 Nxd4 
21. Qd2 c5 22. Ne2 Nxe2+ 23. Qxe2 b4 24. Qd2 Rfb8 25. Rb1 b3 26. cxb3 axb3
27. Ra1 bxa2 28. Rxa2 d4 29. Rf1 Bxf1 30. Kxf1 Rb3 31. Qc2 Qb5+ 32. Kg1 d3
33. Qc1 Rd8 34. Qd2 c4 35. Qc3 Rxc3 0-1

[Event "2015 NA Class C Ch - Rd 1 Sect 2, S50101"]
[Site "CCLA"]
[Date "2015.04.27"]
[Round "?"]
[White "Lines, Daniel"]
[Black "Godinez, Doug"]
[Result "1/2-1/2"]
[WhiteElo "1419"]
[BlackElo "1392"]

1. d4 Nf6 2. Nf3 c5 3. dxc5 e6 4. Be3 Na6 5. Bd4 Nxc5 6. e3 b6 7. Bxf6 
Qxf6 8. Nc3 d5 9. Bb5+ Bd7 10. O-O Bd6 11. Bxd7+ Nxd7 12. e4 Ne5 13. exd5 
Nxf3+ 14. Qxf3 Qxf3 15. gxf3 e5 16. Ne4 Kd7 17. c4 Rac8 18. Nxd6 Kxd6 19. 
Rac1 Rc7 20. b3 h5 21. Rfe1 Rh6 22. Kh1 Rf6 23. Rg1 g6 24. Kg2 Rf4 25. 
Rcd1 f6 26. Rc1 g5 27. Rc3 f5 28. Re1 h4 29. h3 Rd4 30. a4 1/2-1/2

[Event "2015 Server Team Ch - Div 2"]
[Site "CCLA"]
[Date "2015.10.30"]
[Round "?"]
[White "Hoffman, Dwayne"]
[Black "Evans, Stanley W."]
[Result "1-0"]
[WhiteElo "1863"]
[BlackElo "1717"]
[Board "6"]
[WhiteTeam "Chairmen of the Board"]
[BlackTeam "Queen & Knights"]

1. d4 Nf6 2. Nf3 d6 3. Bf4 Bg4 4. e3 Nbd7 5. h3 Bxf3 6. Qxf3 c6 7. Nd2 e5 
8. Bh2 Qa5 9. c3 Be7 10. Nc4 Qc7 11. Be2 b5 12. dxe5 Nxe5 13. Nxe5 dxe5 
14. Bxe5 Qxe5 15. Qxc6+ 1-0

[Event "2015 Server Team Champ - Div 4, S54999"]
[Site "CCLA"]
[Date "2015.10.28"]
[Round "?"]
[White "Lyons, Brenda M."]
[Black "Latta, Richard W."]
[Result "0-1"]
[WhiteElo "1221"]
[BlackElo "1441"]
[Board "5"]
[WhiteTeam "Pennsylvania Duck Patrol"]
[BlackTeam "Pawntastics"]

1. d4 Nf6 2. Nf3 e6 3. a3 c5 4. dxc5 Bxc5 5. Bg5 Qb6 6. Be3 Bxe3 7. fxe3 
Ne4 8. b3 Qxe3 9. Qd3 Qf2+ 10. Kd1 d5 11. Nc3 Qb6 12. Ke1 Nf2 13. Qd4 Qxd4
14. Rd1 Qxc3+ 15. Rd2 Ne4 0-1

[Event "Summer Series, S50291"]
[Site "CCLA"]
[Date "2015.07.25"]
[Round "?"]
[White "Jarmuz, Frederick"]
[Black "Vaughan, James"]
[Result "1/2-1/2"]
[WhiteElo "1945"]
[BlackElo "2259"]

1. d4 Nf6 2. Nf3 e6 3. e3 Be7 4. Bd3 d5 5. Nc3 c5 6. O-O c4 7. Be2 a6 8. 
b3 b5 9. bxc4 bxc4 10. Ne5 O-O 11. Rb1 Nfd7 12. Nxd7 Nxd7 13. e4 Nf6 14. 
Bf3 dxe4 15. Nxe4 Nd5 16. Bd2 Qc7 17. Qe2 Rd8 18. Rfd1 Bb7 19. Nc5 Bc6 20.
 Qxc4 Bb5 21. Qb3 Bxc5 22. c4 Bd6 23. cxd5 Bc4 24. Qa4 exd5 25. Ba5 Bxh2+ 
26. Kh1 Qf4 27. Bxd8 Rxd8 28. Re1 g6 29. Bg4 Qxf2 30. Kxh2 Qf4+ 31. Kh3 h5
32. Bxh5 Bb5 33. Rxb5 axb5 34. Qd1 Kg7 35. Qg4 Qd6 36. Bxg6 Qxg6 37. Re5 
Qxg4+ 38. Kxg4 Ra8 39. Rxd5 Rxa2 40. Rxb5 Rxg2+ 41. Kf3 1/2-1/2

[Event "Winter Series, S50051"]
[Site "CCLA"]
[Date "2015.01.28"]
[Round "?"]
[White "Shaffer, Aaron"]
[Black "Metz, Edward"]
[Result "0-1"]
[WhiteElo "1551"]
[BlackElo "1397"]

1. d4 Nf6 2. Nf3 c5 3. e3 e6 4. c3 Ne4 5. Bd3 Nf6 6. O-O h6 7. Nbd2 d5 8. 
b3 Bd7 9. a4 Be7 10. Ba3 cxd4 11. Bxe7 Qxe7 12. cxd4 Nc6 13. Bb5 a6 14. 
Bd3 Nb4 15. Be2 O-O 16. Ne5 Bc6 17. Nxc6 Nxc6 18. Bf3 Rfc8 19. Re1 a5 20. 
Rc1 Nb4 21. Rxc8+ Rxc8 22. Qb1 Ne8 23. Be2 Nd6 24. Rc1 Rxc1+ 25. Qxc1 Qd7 
26. Nb1 b6 27. Nc3 f6 28. f4 Ne4 29. Nxe4 dxe4 30. Bb5 Qd6 31. Qb2 Nd5 32.
 Kf2 g5 33. g3 Kg7 34. h3 f5 35. Qc1 gxf4 36. Qc6 fxg3+ 37. Kg2 Nxe3+ 38. 
Kg1 Qxc6 39. Bxc6 Nd5 40. Bxd5 exd5 41. Kg2 f4 42. Kf1 Kf6 0-1

[Event "2015 Regular Quad, S50019"]
[Site "CCLA"]
[Date "2015.01.16"]
[Round "?"]
[White "Rasmussen, Bruce A."]
[Black "Graupera, Carlos"]
[Result "0-1"]
[WhiteElo "1373"]
[BlackElo "1466"]

1. d4 e6 2. Nf3 Nf6 3. e3 c5 4. Bd3 Nc6 5. b3 Be7 6. Bb2 O-O 7. Ne5 cxd4 
8. exd4 d6 9. f4 dxe5 10. fxe5 Nd5 11. O-O f5 12. Rf3 g5 13. h3 Nf4 14. 
Bc4 Nxe5 15. Re3 Nxc4 16. bxc4 Bf6 17. Qf3 Bxd4 18. Bxd4 Qxd4 19. Nc3 
Nxh3+ 20. gxh3 f4 0-1

[Event "2015 Server Team Ch - Div 2"]
[Site "CCLA"]
[Date "2015.10.30"]
[Round "?"]
[White "Hoffman, Dwayne"]
[Black "Graupera, Carlos"]
[Result "1-0"]
[WhiteElo "1863"]
[BlackElo "1477"]
[Board "6"]
[WhiteTeam "Chairmen of the Board"]
[BlackTeam "Big Red Fuzzy"]

1. d4 Nf6 2. Nf3 e6 3. Bf4 c5 4. e3 Nc6 5. Nbd2 Be7 6. dxc5 Bxc5 7. a3 d5 
8. c4 O-O 9. Bd3 b6 10. O-O dxc4 11. Nxc4 Bb7 12. Rc1 Rc8 13. Qe2 Nh5 14. 
Bg5 Be7 15. Rfd1 Qc7 16. Nce5 Nf6 17. Nxc6 Bxc6 18. Nd4 Qd7 19. Nxc6 Rxc6 
20. Bb5 1-0

[Event "2015 REGULAR QUAD, S50219"]
[Site "CCLA"]
[Date "2015.05.11"]
[Round "?"]
[White "Metz, Edward"]
[Black "Perry, William E."]
[Result "0-1"]
[WhiteElo "1397"]
[BlackElo "1440"]

1. d4 Nf6 2. Bf4 e6 3. Nf3 c5 4. e3 Nc6 5. Bd3 d5 6. dxc5 Bxc5 7. h3 Bd6 
8. g3 e5 9. Bg5 e4 10. Bb5 exf3 11. Bxf6 Qxf6 12. Qxd5 O-O 13. c3 Bd7 14. 
Nd2 a6 15. Ba4 b5 16. Bb3 Ne5 17. Ne4 Qe6 18. Qxe6 Bxe6 19. Nxd6 Nd3+ 20. 
Kf1 Nxb2 21. Kg1 Rfd8 22. Ne4 Bxb3 23. axb3 Rdc8 24. Kh2 a5 25. Ra2 Nd3 
26. g4 Ne5 27. Kg3 Rd8 28. Ng5 g6 29. Nxf3 Nc6 30. Nd4 Nxd4 31. cxd4 Rdc8 
32. Rha1 Rc3 33. b4 a4 34. Ra3 Rac8 35. d5 Kf8 36. f3 R8c4 37. Rxc3 Rxc3 
38. d6 Rd3 39. Rc1 Rxd6 40. Rc3 Ra6 41. Ra3 Rc6 42. Ra2 Rc4 43. Rb2 Ke7 
44. f4 Kd6 45. Kf3 a3 46. Ra2 Rxb4 47. Rxa3 Ra4 48. Rb3 b4 49. Ke2 Kc5 50.
 Kd2 Kc4 51. Kc2 Ra2+ 52. Rb2 Rxb2+ 53. Kxb2 Kd3 0-1

[Event "Summer Series, S50321"]
[Site "CCLA"]
[Date "2015.07.25"]
[Round "?"]
[White "Graupera, Carlos"]
[Black "Perry, William E."]
[Result "1-0"]
[WhiteElo "1466"]
[BlackElo "1440"]

1. d4 Nf6 2. Nf3 c5 3. c3 e6 4. Bg5 cxd4 5. cxd4 d5 6. Nc3 Be7 7. e3 Nc6 
8. Bd3 O-O 9. a3 a6 10. Rc1 b5 11. Nxb5 Bd7 12. Nc3 h6 13. Bh4 Rb8 14. b4 
Na7 15. Ne5 Nb5 16. Nxb5 axb5 17. Nc6 Bxc6 18. Rxc6 Qd7 19. Rc1 Rfc8 20. 
O-O Rxc1 21. Qxc1 Rc8 22. Qd2 Qc6 23. Qe2 Kf8 24. Bxb5 Qc3 25. Qa2 Ne4 26.
 Bxe7+ Kxe7 27. h3 Ra8 28. a4 Qxb4 29. Rb1 Qa5 30. Qa3+ Kf6 31. Qd3 Qd2 
32. Qxd2 Nxd2 33. Rc1 Nb3 34. Rc7 Na5 35. Kf1 h5 36. Ke2 g5 37. f3 Kg6 38.
 g4 hxg4 39. hxg4 Kf6 40. Kd3 Kg6 41. Kc3 Kf6 42. Kb4 Kg7 43. Rd7 Kf6 44. 
Rd6 Nc4 45. Bxc4 dxc4 46. Rc6 Rb8+ 47. Kxc4 Ra8 48. Kb5 Rb8+ 49. Rb6 Ra8 
50. a5 Ke7 51. a6 Kf6 52. Kc6 Ra7 53. e4 Kg6 54. d5 1-0

[Event "Winter Series, S50031"]
[Site "CCLA"]
[Date "2015.01.28"]
[Round "?"]
[White "Lines, Daniel"]
[Black "Richardson, Ryan M."]
[Result "0-1"]
[WhiteElo "1419"]
[BlackElo "1795"]

1. d4 Nf6 2. Nf3 b6 3. Bf4 Ba6 4. Nc3 e6 5. e4 Bxf1 6. Rxf1 Bb4 7. Qd3 O-O
8. Bg5 h6 9. Bh4 Be7 10. Bxf6 Bxf6 11. O-O-O Nc6 12. e5 Bg5+ 13. Kb1 Nb4 
14. Qe2 Be7 15. a3 Nc6 16. h3 d6 17. d5 exd5 18. exd6 Bxd6 19. Nxd5 Re8 
20. Qd2 Na5 21. Rfe1 Rxe1 22. Rxe1 c6 23. Nc3 Nc4 24. Qd4 b5 25. Rd1 Qf8 
26. b3 Nxa3+ 27. Kb2 Bc7 28. b4 Bb6 29. Qf4 Nc4+ 30. Kc1 Qxb4 31. Qxc4 
Qxc4 32. Ne5 Qf4+ 0-1

[Event "PREMIER QUAD, S50209"]
[Site "CCLA"]
[Date "2015.05.01"]
[Round "?"]
[White "Hayward, Clark W."]
[Black "Pronovost, David"]
[Result "1/2-1/2"]
[WhiteElo "1909"]
[BlackElo "1865"]

1. d4 Nf6 2. Nf3 e6 3. Bf4 b6 4. c3 Bb7 5. Nbd2 Be7 6. h3 Nc6 7. e3 O-O 8.
 Bd3 Nd5 9. Bh2 f5 10. O-O g5 11. Ne5 d6 12. Nxc6 Bxc6 13. Re1 Qd7 14. e4 
fxe4 15. Bxe4 Bf6 16. Bf3 Rae8 17. Bg4 Bb7 18. Ne4 Bd8 19. Bh5 Re7 20. 
Nxg5 Rg7 21. Bg4 Rxg5 22. Bxe6+ Qxe6 23. Rxe6 Ne3 24. Rxe3 Rxg2+ 25. Kf1 
Rgxf2+ 26. Ke1 Rxh2 27. Qg4+ Kh8 28. Rg3 Bf6 29. Rc1 Rxb2 30. a3 b5 31. 
Ra1 Rh2 32. a4 Re8+ 33. Kf1 Rf8 34. Ke1 1/2-1/2

[Event "Winter Series, S50031"]
[Site "CCLA"]
[Date "2015.01.28"]
[Round "?"]
[White "Disque, Philip"]
[Black "Zarges, Ron V."]
[Result "1-0"]
[WhiteElo "1603"]
[BlackElo "1660"]

1. d4 Nf6 2. Nf3 e6 3. e3 c5 4. Bd3 b6 5. Qe2 Bb7 6. O-O Be7 7. Nbd2 O-O 
8. b3 cxd4 9. exd4 Nd5 10. Ne4 f5 11. Neg5 Bxg5 12. Nxg5 Nf6 13. Bb2 Re8 
14. Rfe1 h6 15. Nh3 g5 16. f3 Nc6 17. Ba6 Bxa6 18. Qxa6 Nb4 19. Qe2 d5 20.
 a3 Nc6 21. Qd3 Qd7 22. Re2 Re7 23. Rae1 Rae8 24. Nf2 Kf7 25. b4 Kg7 26. 
Qd2 Qd6 27. Nd3 Nh5 28. g3 Qc7 29. Ne5 Nxe5 30. dxe5 Rf7 31. Re3 Rc8 32. 
Rc3 Qb7 33. Rxc8 Qxc8 34. Re3 Rc7 35. Rc3 Rxc3 36. Bxc3 Qc4 37. Kf2 Kf7 
38. Bd4 f4 39. g4 Ng7 40. Qc3 Qxc3 41. Bxc3 h5 42. h3 h4 43. Bd4 Ne8 44. 
b5 Nc7 45. a4 Na8 46. Ke2 Ke7 47. Kd3 Nc7 48. Kc3 Kd7 49. Kb4 Kd8 50. a5 
Na8 51. Ka4 Ke8 52. Kb4 Kd7 53. a6 Kc7 54. c4 dxc4 55. Kxc4 Kd7 56. Bb2 
Nc7 57. Ba3 Nd5 58. Bf8 Ne7 59. Bh6 1-0

[Event "Winter Series, S50061"]
[Site "CCLA"]
[Date "2015.01.28"]
[Round "?"]
[White "Lyons, Anthony W."]
[Black "Anderson, Lawrence D."]
[Result "0-1"]
[WhiteElo "1235"]
[BlackElo "1435"]

1. d4 Nf6 2. Nf3 g6 3. b3 Bg7 4. Bb2 O-O 5. e3 d6 6. Nc3 Nbd7 7. Bc4 e6 8.
 O-O Nb6 9. Bd3 Bd7 10. e4 a6 11. e5 dxe5 12. dxe5 Nfd5 13. Nxd5 Nxd5 14. 
Be4 Bc6 15. Bxd5 Bxd5 16. Re1 Qe7 17. Nd4 f6 18. Bc1 fxe5 19. Qd2 exd4 20.
 Bb2 c5 21. c3 dxc3 22. Bxc3 Rad8 23. Bxg7 Qxg7 24. Qe3 b6 25. Qe5 Rfe8 
26. Qxg7+ Kxg7 27. Rad1 Kf6 28. f4 Bc6 0-1

[Event "Winter Series, S50041"]
[Site "CCLA"]
[Date "2015.01.28"]
[Round "?"]
[White "Stevenson, Wayne"]
[Black "McLaughlin, Ed"]
[Result "1-0"]
[WhiteElo "1702"]
[BlackElo "1493"]

1. d4 Nf6 2. Nf3 g6 3. e3 Bg7 4. Bd3 d5 5. Nbd2 O-O 6. c3 Nbd7 7. O-O Ng4 
8. e4 dxe4 9. Nxe4 e5 10. Bg5 f6 11. Bd2 f5 12. Bc4+ Kh8 13. Neg5 Qf6 14. 
h3 Nh6 15. Ne6 Nb6 16. dxe5 Qf7 17. Nfg5 Qe7 18. Nxf8 Nxc4 19. Ngxh7 Bxf8 
20. Nxf8 Qxf8 21. Bxh6 Qxh6 22. Qd8+ Kh7 23. Qxc7+ Qg7 24. Qxc4 Qxe5 25. 
Qh4+ Kg7 26. Rad1 b6 27. Rfe1 Qf6 28. Re7+ 1-0

[Event "2015 NA Class C Ch - Rd 1 Sect 2, S50101"]
[Site "CCLA"]
[Date "2015.04.27"]
[Round "?"]
[White "Lines, Daniel"]
[Black "Klimushyn, Charles"]
[Result "0-1"]
[WhiteElo "1419"]
[BlackElo "1156"]

1. d4 Nf6 2. Nf3 g6 3. Nc3 Bg7 4. Bf4 d6 5. e4 O-O 6. Bc4 c5 7. O-O cxd4 
8. Nxd4 e5 9. Bxe5 dxe5 10. Nf3 Qxd1 11. Rfxd1 Bg4 12. Be2 Nc6 13. h3 Bxf3
14. Bxf3 Nd4 15. Nd5 Nxd5 16. exd5 Nxc2 17. Rac1 Rac8 18. d6 Nd4 19. d7 
Rxc1 20. Rxc1 Nxf3+ 21. gxf3 b5 22. Rc7 a5 23. Rb7 b4 24. b3 Rd8 25. Rc7 
Kf8 26. Rc8 Ke7 0-1

[Event "2015 REGULAR QUAD, S50219"]
[Site "CCLA"]
[Date "2015.05.11"]
[Round "?"]
[White "Metz, Edward"]
[Black "Klimushyn, Charles"]
[Result "1-0"]
[WhiteElo "1397"]
[BlackElo "1156"]

1. d4 Nf6 2. Bf4 g6 3. Nf3 Bg7 4. Nbd2 d6 5. h3 O-O 6. e3 c5 7. c3 Nc6 8. 
Bd3 e5 9. Bg5 Qb6 10. Nc4 Qc7 11. Nfd2 d5 12. Na3 exd4 13. cxd4 cxd4 14. 
Nb5 Qb6 15. exd4 a6 16. Qa4 Bd7 17. Nc3 Nxd4 18. Qa3 Rfe8+ 19. Be3 Nf5 20.
 Bxf5 Bxf5 21. Nde4 Qc7 22. Nxf6+ Bxf6 23. Nxd5 Qc6 24. Nxf6+ Qxf6 25. O-O
Rac8 26. Rad1 1-0

[Event "Summer Series, S50301"]
[Site "CCLA"]
[Date "2015.07.25"]
[Round "?"]
[White "Shannon, Paul D."]
[Black "Evans, Stanley W."]
[Result "0-1"]
[WhiteElo "1865"]
[BlackElo "1834"]

1. Nf3 Nf6 2. c4 Nc6 3. d4 e6 4. g3 Bb4+ 5. Nbd2 d5 6. Qc2 O-O 7. a3 Be7 
8. Bg2 dxc4 9. Qxc4 Qd5 10. O-O Rd8 11. e3 a5 12. Qc2 Qb5 13. Nc4 Qf5 14. 
Qe2 Qb5 15. Qc2 Qf5 16. Qxf5 exf5 17. b3 Be6 18. Nfd2 Bd5 19. f3 a4 20. b4
b5 21. Nb2 Bxb4 22. axb4 Nxb4 23. Nd1 Nc2 24. Rb1 b4 25. Rb2 b3 26. Rxc2 
bxc2 27. Nc3 a3 28. Nxd5 Nxd5 29. Nc4 a2 30. Bb2 Rdb8 31. Ra1 Nxe3 32. 
Nxe3 Rxb2 0-1

[Event "2015 Server Team Ch - Div 1, S51999"]
[Site "CCLA"]
[Date "2015.10.30"]
[Round "?"]
[White "Richardt, Mike"]
[Black "Kjeldsen, Karsten"]
[Result "1/2-1/2"]
[WhiteElo "2216"]
[BlackElo "2122"]
[Board "4"]
[WhiteTeam "BCCA Kings"]
[BlackTeam "SchemingMind B"]

1. d4 Nf6 2. c4 e6 3. Nc3 Nc6 4. Nf3 d5 5. Bg5 Be7 6. e3 O-O 7. Rc1 h6 8. 
Bh4 Ne4 9. Bxe7 Qxe7 10. Bd3 Nxc3 11. Rxc3 dxc4 12. Bxc4 e5 13. O-O 
1/2-1/2

[Event "Summer Series, S50341"]
[Site "CCLA"]
[Date "2015.07.25"]
[Round "?"]
[White "Leber, David"]
[Black "Brown, David P."]
[Result "0-1"]
[WhiteElo "1311"]
[BlackElo "1362"]

1. d4 Nf6 2. c4 c6 3. Bg5 e6 4. e3 d5 5. c5 Nbd7 6. Nf3 b6 7. b4 h6 8. Bh4
bxc5 9. bxc5 Be7 10. Bd3 Ne4 11. Bxe7 Qa5+ 12. Nfd2 Kxe7 13. O-O Nc3 14. 
Nxc3 Qxc3 15. Nb3 Re8 16. Bb1 a5 17. Qe2 Ba6 18. Qe1 Qb2 19. Qc1 Qe2 20. 
Nxa5 Qxf1+ 21. Qxf1 Bxf1 22. Kxf1 Rxa5 23. Bc2 e5 24. Bb3 Rb8 25. Re1 f5 
26. Kg1 Ke6 27. Re2 Rxb3 28. g3 Rba3 29. Kg2 Rxa2 30. Re1 R5a4 31. h4 Kf6 
32. Kf3 exd4 33. exd4 Rxd4 34. Rc1 Ne5+ 35. Ke3 Re4# 0-1

[Event "2015 Server Team Ch - Div 1, S51999"]
[Site "CCLA"]
[Date "2015.10.30"]
[Round "?"]
[White "Farkas, Lajos"]
[Black "Batchelor, Paul A."]
[Result "1/2-1/2"]
[WhiteElo "2102"]
[BlackElo "2216"]
[Board "3"]
[WhiteTeam "SchemingMind B"]
[BlackTeam "BCCA Kings"]

1. d4 Nf6 2. c4 c6 3. Bf4 d6 4. Nf3 Bf5 5. Nc3 Nbd7 6. e3 Qb6 7. Qd2 Ne4 
8. Nxe4 Bxe4 9. Be2 e5 10. Bg3 exd4 11. exd4 Be7 12. Rc1 O-O 13. O-O Rfe8 
14. Rfd1 h6 15. Rc3 Nf6 16. Bf4 Bf8 17. h3 Qa5 18. Re3 Qxd2 1/2-1/2

[Event "2015 NA Class A Ch Finals, S50179"]
[Site "CCLA"]
[Date "2015.04.27"]
[Round "?"]
[White "Kleine, Larry"]
[Black "Anderson, Clarence"]
[Result "1/2-1/2"]
[WhiteElo "1767"]
[BlackElo "1717"]

1. d4 Nf6 2. c4 e5 3. dxe5 Ng4 4. Nf3 Bc5 5. e3 Nc6 6. Be2 O-O 7. O-O Re8 
8. Nc3 Ngxe5 9. Nxe5 Nxe5 10. Ne4 Bf8 11. Ng3 d6 12. f4 Nc6 13. e4 g6 14. 
Be3 Bg7 15. Qd2 Qf6 16. Rab1 Nd4 17. Bd3 c5 18. f5 Qd8 19. Rbe1 Nc6 20. b3
Bd4 21. Bxd4 Nxd4 22. f6 Re5 23. Rf4 Ne6 24. Rg4 Nd4 25. Rf4 Ne6 26. Rg4 
Nd4 1/2-1/2

[Event "Summer Series, S50301"]
[Site "CCLA"]
[Date "2015.07.25"]
[Round "?"]
[White "Avery, Bryce"]
[Black "Anderson, Clarence"]
[Result "1-0"]
[WhiteElo "1657"]
[BlackElo "1717"]

1. d4 Nf6 2. c4 e5 3. dxe5 Ng4 4. Bf4 g5 5. Bg3 Bg7 6. Nf3 Nc6 7. h4 Ngxe5
8. Nxe5 Nxe5 9. e3 g4 10. Nc3 d6 11. h5 h6 12. Bh4 Bf6 13. Bxf6 Qxf6 14. 
Nd5 Qd8 15. Qd4 Be6 16. O-O-O c5 17. Qf4 f5 18. Be2 Rc8 19. e4 Qg5 20. 
Qxg5 hxg5 21. exf5 Bxd5 22. Rxd5 Rh6 23. f3 gxf3 24. gxf3 Ke7 25. Rg1 Nf7 
26. f4 Rg8 27. fxg5 Rxg5 28. Rxg5 Nxg5 29. Kc2 Nf7 30. Kd2 Kf6 31. Ke3 Kg5
32. Ke4 Rf6 33. b4 cxb4 34. Rb5 b6 35. Rxb4 Rxf5 36. Rb5 Ne5 37. Kd5 a6 
38. Rb3 Rf2 39. Re3 Ng4 40. Bxg4 Kxg4 41. h6 Rxa2 42. Kxd6 Rc2 43. h7 Rh2 
44. Re7 Rh6+ 45. Kc7 b5 46. c5 b4 47. c6 b3 48. Kb8 a5 49. Rb7 b2 50. c7 
b1=Q 51. Rxb1 1-0

[Event "2015 Server Team Ch - Div 2"]
[Site "CCLA"]
[Date "2015.10.30"]
[Round "?"]
[White "Avery, Bryce"]
[Black "Gredescul, Andrea"]
[Result "0-1"]
[WhiteElo "1751"]
[BlackElo "2070"]
[Board "3"]
[WhiteTeam "Big Red Fuzzy"]
[BlackTeam "Queen & Knights"]

1. d4 Nf6 2. c4 e5 3. dxe5 Ng4 4. Bf4 g5 5. Bg3 Bg7 6. Nf3 Nc6 7. h4 Ngxe5
8. Nxe5 Nxe5 9. e3 g4 10. Nc3 d6 11. h5 h6 12. Bh4 Bf6 13. Bxf6 Qxf6 14. 
Nd5 Qd8 15. Qd4 Be6 16. O-O-O Bxd5 17. Qxd5 Qf6 18. Rd2 O-O-O 19. f4 gxf3 
20. gxf3 Qxf3 21. Qxf3 Nxf3 22. Rf2 Ne5 23. b3 Kd7 24. Rg1 b6 25. Kc2 Rdg8
26. Rfg2 Rxg2+ 27. Rxg2 Ke6 28. Bd3 a5 29. Be4 f5 30. Bd3 Ng4 31. Rg3 Ke5 
32. Kc3 Rg8 33. Be2 Rg5 34. a3 Rxh5 35. Bxg4 Rg5 36. Rh3 fxg4 37. Rxh6 g3 
0-1

[Event "2015 Server Team Champ - Div 4, S54999"]
[Site "CCLA"]
[Date "2015.10.28"]
[Round "?"]
[White "Sanchez, David A."]
[Black "Latta, Richard W."]
[Result "1-0"]
[WhiteElo "1449"]
[BlackElo "1441"]
[Board "5"]
[WhiteTeam "Norsemen"]
[BlackTeam "Pawntastics"]

1. d4 Nf6 2. c4 e5 3. dxe5 Ng4 4. Bf4 Bb4+ 5. Nd2 f6 6. e3 Nxf2 7. Kxf2 
fxe5 8. Qh5+ g6 9. Qxe5+ Qe7 10. Qxh8+ Qf8 11. Qxf8+ Kxf8 12. Ngf3 d6 13. 
Bd3 Bc5 14. Rhf1 Nd7 15. Ke2 Nf6 16. h3 Kg7 17. Ne4 Nxe4 18. Bxe4 h6 19. 
Ne5 Be6 20. b3 g5 21. Bh2 Re8 22. Bf5 Bxf5 23. Rxf5 dxe5 24. Rxe5 Rf8 25. 
Rxc5 Kg6 26. Rxc7 Kf5 27. Rf1+ Kg6 28. Rxf8 Kh5 29. Rg8 g4 30. Rxg4 a5 31.
 e4 1-0

[Event "2015 NA Class A Ch Finals, S50179"]
[Site "CCLA"]
[Date "2015.04.27"]
[Round "?"]
[White "Kleine, Larry"]
[Black "Smail, John"]
[Result "0-1"]
[WhiteElo "1767"]
[BlackElo "1720"]

1. d4 Nf6 2. c4 d6 3. Nc3 e5 4. Nf3 e4 5. Nd2 Qe7 6. e3 g6 7. Be2 h5 8. 
O-O c6 9. b3 Bg7 10. Bb2 Bf5 11. Re1 Nbd7 12. f3 Bh6 13. Nf1 O-O-O 14. 
fxe4 Nxe4 15. Bf3 Ng5 16. e4 Nxf3+ 17. gxf3 Bh3 18. Ne3 Bxe3+ 19. Rxe3 
Qg5+ 0-1

[Event "2015 Server Team Ch - Div 1, S51999"]
[Site "CCLA"]
[Date "2015.10.30"]
[Round "?"]
[White "Anderson, Aaron J."]
[Black "Delaney, Alan"]
[Result "1-0"]
[WhiteElo "2174"]
[BlackElo "2182"]
[Board "2"]
[WhiteTeam "Gustafson Winners"]
[BlackTeam "SchemingMind B"]

1. d4 d6 2. Nf3 Nf6 3. c4 Nbd7 4. Nc3 e5 5. Bg5 Be7 6. Qc2 O-O 7. e3 c6 8.
 Bd3 h6 9. h4 Re8 10. O-O-O e4 11. Nxe4 Nxe4 12. Bxe4 hxg5 13. hxg5 Bxg5 
14. Bh7+ Kf8 15. Bg6 Bh6 16. Bxf7 Kxf7 17. Rxh6 gxh6 18. Qh7+ Kf8 19. 
Qxh6+ Kg8 20. Qg6+ Kf8 21. Ng5 Qxg5 22. Qxg5 Re7 23. Rh1 Ke8 24. Qg6+ Kd8 
25. Qxd6 Ke8 26. f4 Nf8 27. e4 Be6 28. d5 cxd5 29. cxd5 Rd8 30. Qa3 Bf7 
31. Qa4+ Rdd7 32. Rd1 a6 33. e5 Kd8 34. e6 Rc7+ 35. Kd2 Nxe6 36. dxe6 Rxe6
37. g4 b5 38. Qa5 Kc8 39. Rh1 Kb7 40. a4 Be8 41. b3 Re4 42. Rh6 Bc6 43. 
axb5 axb5 44. Rh8 b4 45. Qa8+ Kb6 46. Qd8 Re7 47. Qd4+ Ka5 48. Qc5+ Ka6 
49. Qxb4 Bb7 50. Qa4+ Kb6 51. Rh6+ Bc6 52. Rxc6+ 1-0

[Event "2015 Server Team Ch - Div 1, S51999"]
[Site "CCLA"]
[Date "2015.10.30"]
[Round "?"]
[White "Wilkinson, James P."]
[Black "Delaney, Alan"]
[Result "1-0"]
[WhiteElo "2210"]
[BlackElo "2182"]
[Board "2"]
[WhiteTeam "BCCA Kings"]
[BlackTeam "SchemingMind B"]

1. d4 d6 2. c4 Nf6 3. Nf3 Nbd7 4. Nc3 e5 5. e4 Be7 6. Be2 O-O 7. O-O c6 8.
 Qc2 Re8 9. Rd1 Qc7 10. Bg5 h6 11. Bh4 Nh7 12. Bxe7 Rxe7 13. c5 dxc5 14. 
d5 Re8 15. dxc6 bxc6 16. Na4 Nhf6 17. Rac1 Bb7 18. Rd2 Red8 19. Rcd1 Nh7 
20. Nxc5 Nhf8 21. Nxb7 Qxb7 22. Nxe5 Rac8 23. Rd6 1-0

[Event "2015 NA Class D Ch - Rd 1 Sect 1, S50111"]
[Site "CCLA"]
[Date "2015.04.27"]
[Round "?"]
[White "Williams, Rufus H."]
[Black "Willis, John W."]
[Result "0-1"]
[WhiteElo "1309"]
[BlackElo "1339"]

1. d4 Nf6 2. c4 c5 3. e3 g6 4. Nf3 Bg7 5. Bd3 O-O 6. O-O cxd4 7. exd4 d5 
8. h3 Nc6 9. Re1 h6 10. Nc3 e6 11. a3 a5 12. Nb5 Na7 13. Nxa7 Rxa7 14. Ne5
Nd7 15. Ng4 Kh7 16. Be3 f5 17. Nh2 Nf6 18. b3 b6 19. Nf3 Rh8 20. Ne5 Rc7 
21. Rc1 Qe8 22. g3 Kg8 23. h4 Nd7 24. Bf4 Nxe5 25. Bxe5 Bxe5 26. Rxe5 dxc4
27. bxc4 Rhh7 28. Rb1 Rb7 29. g4 Rhg7 30. f3 Qd8 31. Kh2 Qxd4 32. Kg2 Qxe5
33. Qd2 Rgd7 34. Rd1 Rbc7 35. Qxh6 Qg7 36. Qxg7+ Kxg7 37. Kf2 Rd8 38. Ke3 
fxg4 39. fxg4 e5 40. g5 Bg4 41. Rd2 Rcd7 42. a4 Bf5 43. Bxf5 Rxd2 0-1